| 000 | 02247nac a22002531u 4500 | ||
|---|---|---|---|
| 090 | _c8629 | ||
| 008 | 080821t xxu||||| |||| 00| 0 eng d | ||
| 020 | _a9781412939546 : | ||
| 020 | _a1412939542: | ||
| 082 |
_a300.72 _bSTA |
||
| 100 | _aStanczak, Gregory C., | ||
| 245 |
_aVisual research methods : image, society, and representation / _bimage, society, and representation / _cGregory C. Stanczak. |
||
| 260 |
_aThousand Oaks, [Calif.] : _bSage Publications, 2007. _cc2007. |
||
| 300 |
_aix,366 p.: _bill.; _c24 cm. |
||
| 500 | _aDistributer: Bacca | ||
| 504 | _aIncludes bibliographical references and index. | ||
| 505 | _aIntroduction : images, methodologies, and generating social knowledge / Gregory C. Stanczak -- Observing culture and social life : documentary photography, fieldwork, and social research / Jon Wagner -- All photos lie : images as data / Barry Goldstein -- Capturing the visual traces of historical change : the internet mission photography archive / Jon Miller -- The failure of "the president’s choice" / Erina Duganne -- Using photography in studies of immigrant communities : reflecting across projects and populations / Steven J. Gold -- Inner-city children in sharper focus : sociology of childhood and photo-elicitation interviews / Marisol Clark-Ibanez -- When words are not enough : eliciting children’s experiences of buddhist monastic life through photographs / Jeffrey Samuels -- Signs of resistance : marking public space through a renewed cultural activism / Emmanuel David -- Performances, confessions, and identities : using video diaries to researching sexualities / Ruth Holliday -- Video methodology replacement -- Website design : the precarious blend of narrative, aesthetics and social theory / Stephen Papson, Robert Goldman, and Noah Kersey. | ||
| 511 | _aCatalogued by: Sara | ||
| 650 |
_aa Social sciences _vResearch. |
||
| 650 |
_aSocial sciences _vStudy and teaching. |
||
| 856 |
_3Publisher description _qhttp://www.loc.gov/catdir/enhancements/fy0701/2006031955-d.html |
||
| 942 |
_cBB _k300.72STA _2ddc |
||
| 999 |
_c8629 _d8629 |
||